| 000 | 01080cam a2200277 a 4500 | ||
|---|---|---|---|
| 999 |
_c219433 _d219433 |
||
| 001 | 12911835 | ||
| 003 | Nust | ||
| 005 | 20180118110450.0 | ||
| 008 | 020830r20021966ilua b 001 0 eng | ||
| 010 | _a 2002034285 | ||
| 020 | _a0894480405 (pbk.) | ||
| 040 | _cNust | ||
| 050 | 0 | 0 |
_aTK9202 _b.L27 2002 |
| 082 | 0 | 0 |
_a621.483 LAM _221 |
| 100 | 1 | _aLamarsh, John R. | |
| 245 | 1 | 0 |
_aIntroduction to nuclear reactor theory / _cJohn R. Lamarsh. |
| 260 |
_aLaGrange Park, Ill. : _bAmerican Nuclear Society, _cc2002. |
||
| 300 |
_axi, 585 p. : _bill. ; _c23 cm. |
||
| 500 | _aOriginally published: Reading, Mass. : Addison-Wesley Pub. Co., 1966, in series: Addison-Wesley series in nuclear engineering. | ||
| 504 | _aIncludes bibliographical references and index. | ||
| 650 | 0 | _aNuclear reactors. | |
| 650 | 0 | _aNuclear physics. | |
| 906 |
_a7 _bcbc _corignew _d1 _eocip _f20 _gy-gencatlg |
||
| 942 |
_2ddc _cBK |
||